Statistics for Click on the Shape Quiz

Click here to take the quiz!

General Stats

  • This quiz has been taken 283 times
  • The average score is 17 of 20

Answers on the Map

Answers color-coded by a green-red scale on the quiz's map according to % correct below.
Loading ...
 

Answer Stats

Answer% Correct
94%
92%
90%
89%
88%
88%
88%
87%
87%
87%
85%
85%
84%
84%
84%
82%
82%
82%
81%
80%

Score Distribution

Percentile by Number Answered

Percent of People with Each Score

Your Score History

You have not taken this quiz